| 000 | 01107naa a22002897a 4500 | ||
|---|---|---|---|
| 001 | BR8708384 | ||
| 003 | BR-BrBNA | ||
| 005 | 20240918175920.0 | ||
| 007 | ta | ||
| 008 | 230509b bl.||||| |||| 00| 0 por d | ||
| 040 |
_aBR-BrBNA _bpor _cBiblioteca Nacional de Agricultura |
||
| 041 | _a(Pt) | ||
| 072 |
_aQ03; Q04 _b9000 |
||
| 090 | _aQ03 BR8708384 | ||
| 100 | 1 | _aBrandalise, N. | |
| 100 | 1 | _aMora, E. | |
| 245 | 1 | _aAnalise critica e avaliacao do programa de higiene e controle de alimentos | |
| 246 | 1 | _a[Critical analysis and valluation of the food control and hygiene program] | |
| 246 | 1 | _a[Course for modernization of food microbiology. Annals] | |
| 260 | 3 |
_aCuritiba, PR (Brasil): _c1986. |
|
| 500 | _aCurso de atualizacao em microbiologia de alimentos. Anais Curitiba, PR (Brasil): 1986. p. 229-233 (BR8708384-AM)Q03 | ||
| 650 | _aHIGIENE DE ALIMENTO | ||
| 650 | _aCONTROLE DE QUALIDADE | ||
| 773 | 0 |
_tCurso de atualizacao em microbiologia de alimentos. Anais _wQ03 BR8708384 _gCuritiba, PR (Brasil), 1986. p. 229-233 |
|
| 909 |
_a202404 _bLucia _c55 _dLucia Elande |
||
| 942 |
_cAM _2AGRIS |
||
| 999 |
_c318772 _d318772 |
||